Making estate agents work for you (Record no. 118077)

MARC details
000 -LEADER
fixed length control field 01182cam a2200229 4500
001 - CONTROL NUMBER
control field WB4037-16
008 - FIXED-LENGTH DATA ELEMENTS--GENERAL INFORMATION
fixed length control field 040929n2004 000 0 eng u
035 ## - SYSTEM CONTROL NUMBER
System control number (Sirsi) u127549
245 ## - TITLE STATEMENT
Title Making estate agents work for you
260 ## - PUBLICATION, DISTRIBUTION, ETC.
Date of publication, distribution, etc. 2004
490 ## - SERIES STATEMENT
Series statement OFT Press Release
Volume/sequential designation (150/04) 23 September 2004, (2)
520 ## - SUMMARY, ETC.
Summary, etc. The Office of Fair Trading (OFT) in its new guide: 'A quick guide to buying and selling your home' says that home buyers and sellers need to shop around and make informed choices when looking for an estate agent. This follows a recent OFT survey which found a high degree of dissatisfaction amongst customers about estate agents' services. It recommends that house sellers should get at least three estate agents' valuations and quotes for their services. For the guide: http://www.oft.gov.uk/NR/rdonlyres/DFB66350-0788-4 914-A6F2-C1BCBEFBC594/0/OFT744.pdfFor the OFT press release: http://www.oft.gov.uk/news/press+releases/2004/150 -04.htm
590 ## - LOCAL NOTE (RLIN)
Local note WB
590 ## - LOCAL NOTE (RLIN)
Local note WB
650 ## - SUBJECT ADDED ENTRY--TOPICAL TERM
Topical term or geographic name entry element OFT
650 ## - SUBJECT ADDED ENTRY--TOPICAL TERM
Topical term or geographic name entry element OFT
650 ## - SUBJECT ADDED ENTRY--TOPICAL TERM
Topical term or geographic name entry element HOUSE BUYERS
650 ## - SUBJECT ADDED ENTRY--TOPICAL TERM
Topical term or geographic name entry element HOUSE SELLING
650 ## - SUBJECT ADDED ENTRY--TOPICAL TERM
Topical term or geographic name entry element ESTATE AGENT
690 ## - LOCAL SUBJECT ADDED ENTRY--TOPICAL TERM (OCLC, RLIN)
Topical term or geographic name as entry element PROPERTY AND LAND LAW
942 ## - ADDED ENTRY ELEMENTS (KOHA)
Suppress in OPAC 0
Holdings
Withdrawn status Lost status Source of classification or shelving scheme Damaged status Not for loan Home library Current library Shelving location Date acquired Total Checkouts Full call number Barcode Date last seen Copy number Price effective from Koha item type
    Dewey Decimal Classification     London London News article 29/09/2004   WB4037-16 127549-1001 06/08/2019 1 06/08/2019 News article